| 000 | 01146nam0a22002771 4500 | ||
|---|---|---|---|
| 001 | rc\2813892 | ||
| 005 | 20250806210931.0 | ||
| 035 | _a(NLR Aleph) 006939685 | ||
| 090 |
_a37429 _c37429 |
||
| 100 | _a20110915d1945 u y0rusy50 ca | ||
| 101 | 0 | _arus | |
| 102 | _aRU | ||
| 105 | _aa z ||||| | ||
| 200 | 1 |
_aК оценке некоторых методов предупреждения декомпрессионных заболеваний _fПроф. Н. В. Лазарев, доц. Л. Н. Курбатов _gМед.-сан. упр. ВМФ. Воен.-морск. мед. акад. |
|
| 210 |
_aЛенинград _cВоен.-морск. мед. акад. _d1945 |
||
| 215 |
_a28, [2] с. _cтабл., граф. _d21 см. |
||
| 700 | 1 |
_aЛазарев _bН. В. _cд-р мед. наук _f1895-1974 _gНиколай Васильевич _3RU\NLR\AUTH\770137572 |
|
| 701 | 1 |
_aКурбатов _bЛ.Н. |
|
| 801 | 0 |
_aRU _bNLR _gpsbo |
|
| 801 | 1 |
_aRU _bELAR _2rusmarc |
|
| 852 |
_aNLR _jМд96 Г-4/179 |
||
| 942 | _cBOOK | ||
| 945 | _aРоссийская национальная библиотека | ||
| 980 | _aNB | ||
| 980 | _aBV | ||